Mutiny at the margins : (Record no. 75389)

MARC details
000 -LEADER
fixed length control field 01355nam a22002897a 4500
005 - DATE AND TIME OF LATEST TRANSACTION
control field 20130620120715.0
010 ## - LCCN (DPL NO)
LC control number ENG-107088-090 ENG-107302
020 ## - INTERNATIONAL STANDARD BOOK NUMBER
International Standard Book Number 9788132109709(v.1)
Terms of availability 850.00
020 ## - INTERNATIONAL STANDARD BOOK NUMBER
International Standard Book Number 9788132110514(v.2)
Terms of availability 850.00
020 ## - INTERNATIONAL STANDARD BOOK NUMBER
International Standard Book Number 9788132110521(v.3)
Terms of availability 850.00
020 ## - INTERNATIONAL STANDARD BOOK NUMBER
International Standard Book Number 9788132110538(v.4)
Terms of availability 850.00
035 ## - SYSTEM CONTROL NUMBER
System control number EN-90621-90623
035 ## - SYSTEM CONTROL NUMBER
System control number EN-90835
037 ## - SOURCE OF ACQUISITION
Source of stock number/acquisition DBAD/PUB
082 00 - DEWEY DECIMAL CLASSIFICATION NUMBER
Classification number 954.0317
Edition number 23
245 00 - TITLE STATEMENT
Title Mutiny at the margins :
Remainder of title new perspectives on the Indian uprising of 1857
260 ## - PUBLICATION, DISTRIBUTION, ETC. (IMPRINT)
Place of publication, distribution, etc New Delhi
Name of publisher, distributor, etc SAGE Publications
Date of publication, distribution, etc 2013
270 ## - ADDRESS
Address B1/I-1 Mohan Cooperative Industrial Area, Mathura Road
City New Delhi
Postal code 110044
300 ## - PHYSICAL DESCRIPTION
Extent 4V.(xxx,244p.;xxviii,227p.;xxvii,225p.;xxix,154p.)
Dimensions 25cm(Hb)
500 ## - GENERAL NOTE
General note Includes bibliographical references and index.
505 0# - FORMATTED CONTENTS NOTE
Formatted contents note Volume 1. Anticipations and experiences in the locality / [edited by] Crispin Bates -- Volume 2. Britain and the Indian Uprising / [edited by] Andrea Major and Crispin Bates -- Volume 3. Global perseptives / edited by Marina Carter, Crispin Bates -- Volume 4. Military Aspects of the Indian Uprising / edited by Gavin Rand, Crispin Bates --
700 1# - ADDED ENTRY--PERSONAL NAME
Personal name Bates, Crispin,
Dates associated with a name 1958-
Relator term editor of compilation.
700 1# - ADDED ENTRY--PERSONAL NAME
Personal name Major, Andrea.
700 1# - ADDED ENTRY--PERSONAL NAME
Personal name Carter, Marina.
700 1# - ADDED ENTRY--PERSONAL NAME
Personal name Rand, Gavin.
942 ## - ADDED ENTRY ELEMENTS (KOHA)
Source of classification or shelving scheme Dewey Decimal Classification
Item type English Books
Classification part 954.0317
Call number suffix MUT
Holdings
Withdrawn status Lost status Not for loan Collection code Home library Current library Date acquired Source of acquisition Cost, normal purchase price Full call number Barcode Copy number Cost, replacement price Koha item type
    Not For Loan Non-fiction D.B.Act.Division D.B.Act.Division 10/05/2013 DBAD/PUB 850.00 954.0317 MUT EN-90621 1 850.00 English Books
    Not For Loan Non-fiction D.B.Act.Division D.B.Act.Division 10/05/2013 DBAD/PUB 850.00 954.0317 MUT EN-90622 1 850.00 English Books
    Not For Loan Non-fiction D.B.Act.Division D.B.Act.Division 10/05/2013 DBAD/PUB 850.00 954.0317 MUT EN-90623 1 850.00 English Books
    Not For Loan Non-fiction D.B.Act.Division D.B.Act.Division 20/06/2013 DBAD/PUB 850.00 954.0317 MUT EN-90835 1 850.00 English Books

© Delhi Public Library
Hit Counter
free hit counter